| 000 | 01029nam a2200241 i 4500 | ||
|---|---|---|---|
| 001 | 161223 | ||
| 003 | ES-MaACL | ||
| 005 | 20250809034611.0 | ||
| 008 | 981002s1887 sp |||| | spa d | ||
| 100 | 1 |
_aPacheco, Joaquín Francisco, _d1808-1865 _988121 |
|
| 245 | 1 | 0 |
_aEstudios de derecho penal _b: lecciones pronunciadas en el Ateneo de Madrid en 1839 y 1840 / _cpor Joaquín Francisco Pacheco. |
| 250 | _a5ª ed. | ||
| 260 |
_aMadrid : _b[s.n.], _c1887 ( _fImp. y Fundición de Manuel Tello) |
||
| 300 |
_a444 p. ; _c23 cm. |
||
| 490 | 1 |
_aObras jurídicas de Don Joaquín Francisco Pacheco ; _v2 |
|
| 530 | _aDisponible en formato digital. | ||
| 610 | 2 | 4 |
_aAteneo de Madrid- _vConferencias- _yS.XIX. _91910 |
| 650 | 0 | 7 |
_aDerecho penal _2embne _911749 |
| 830 | 1 |
_aObras jurídicas de Don Joaquín Francisco Pacheco _v2 _9188327 |
|
| 852 |
_aES-MaACL _jG-14832 _z- Enc. pasta española |
||
| 856 |
_uhttp://bdh-rd.bne.es/viewer.vm?id=0000238275&page=1 _zBiblioteca Digital Hispánica |
||
| 999 |
_c161223 _d161223 |
||